LIBRARY ONLINE CATALOGUE

Vertebrates zoology : (Record no. 6648)

MARC details
000 -LEADER
fixed length control field 00698nam a22002292 4500
001 - CONTROL NUMBER
control field 0000004766
005 - DATE AND TIME OF LATEST TRANSACTION
control field 20151217151941.0
008 - FIXED-LENGTH DATA ELEMENTS--GENERAL INFORMATION
fixed length control field 070529s xx 000 0 eng d
020 ## - INTERNATIONAL STANDARD BOOK NUMBER
International Standard Book Number 1588740633 :
Terms of availability KES 1,300
040 ## - CATALOGING SOURCE
Original cataloging agency KABU
Transcribing agency KABU
050 #0 - LIBRARY OF CONGRESS CALL NUMBER
Classification number QL605
Item number .W37 2001
100 1# - MAIN ENTRY--PERSONAL NAME
Personal name Waring, George H.
-- 0000155558
245 10 - TITLE STATEMENT
Title Vertebrates zoology :
Remainder of title laboratory exercises /
Statement of responsibility, etc. George H. Waring and Brooks M. Burr.
250 ## - EDITION STATEMENT
Edition statement 2nd ed.
260 ## - PUBLICATION, DISTRIBUTION, ETC. (IMPRINT)
Place of publication, distribution, etc. Champaign, III :
Name of publisher, distributor, etc. Stipes Publishing,
Date of publication, distribution, etc. 2001.
300 ## - PHYSICAL DESCRIPTION
Extent 79 p.
650 #0 - SUBJECT ADDED ENTRY--TOPICAL TERM
Topical term or geographic name as entry element Vertebrates.
-- 0000045948
700 1# - ADDED ENTRY--PERSONAL NAME
Personal name Burr, Brooks M.
-- 0000155559
908 ## - PUT COMMAND PARAMETER (RLIN)
Put command parameter 070529
950 ## - LOCAL HOLDINGS (RLIN)
-- 1
Holdings
Withdrawn status Lost status Source of classification or shelving scheme Not for loan Home library Current library Date acquired Total Checkouts Full call number Barcode Date last seen Price effective from Koha item type
    Library of Congress Classification   Kabarak, Main Campus Kabarak, Main Campus 17/12/2015   QL605 .W37 2001 004427 17/12/2015 17/12/2015 General Collection